BEŞ PORTAKAL ÇEKİRDEĞİ (Record no. 986282)
[ view plain ]
| 000 -LEADER | |
|---|---|
| sabit uzunluktaki kontrol alanı | 00255nam a2200097Ia 4500 |
| 001 - KONTROL NUMARASI | |
| kontrol alanı | 986282 |
| 005 - EN SON İŞLEMİN TARİH VE ZAMANI | |
| kontrol alanı | 20250826221058.0 |
| 008 - SABİT-UZUNLUKTA VERİ ÖĞELERİ--GENEL BİLGİ | |
| sabit uzunluktaki kontrol alanı | 250824s9999 xx 000 0 und d |
| 245 #0 - ESER / YAZAR | |
| ESER ADI | BEŞ PORTAKAL ÇEKİRDEĞİ |
| Yazar Adı | ARTHUR CONAN DOYLE |
| 260 ## - YAYIN, DAĞITIM, VB. | |
| YAYIN EVİ | DOKUZ YAYINCILIK |
No items available.